[Event "It (open)"]
[Site "masterchessopen.com – Villa Ballester (Argentina)"]
[Date "2005.01.12"]
[Round "6"]
[White "Maucci Marcelo (ARG)"]
[Black "Galli Gabriel (ARG)"]
[Result "1-0"]
[WhiteElo "2027"]
[BlackElo "1914"]

1.e4 e5 2.Nf3 Nc6 3.Bb5 a6 4.Ba4 Nf6 5.O-O b5 6.Bb3 Be7 7.Re1 O-O 8.h3 d6 9.c3
Nb8 10.d3 Nbd7 11.Nbd2 Nc5 12.Bc2 Bb7 13.Nf1 Re8 14.Ne3 g6 15.b4 Ne6 16.Bb3 c5
17.a3 c4 18.dxc4 Nxe4 19.Bb2 Rc8 20.Nd5 bxc4 21.Rxe4 cxb3 22.Qxb3 Bf8 23.Ree1
Bg7 24.Rad1 Nf4 25.c4 Bxd5 26.cxd5 Qb6 27.Bc1 Nh5 28.Be3 Qb7 29.Rc1 Nf6
30.Rxc8 Rxc8 31.Rd1 Qb5 32.Bg5 a5 33.Bxf6 Bxf6 34.Nd2 axb4 35.axb4 Be7 36.Ra1
Rb8 37.Ra7 Bf8 38.Qf3 f5 39.Ne4 Bg7 40.Nxd6 Qxb4 41.Nf7 Qe1+ 42.Kh2 Rb1 43.d6
Qg1+ 44.Kg3 e4 45.d7 Bf6 46.Nh6+ Kh8 47.d8=Q+ {#r} 1-0

[Event "Ch Ukraine (juniors) (under 14) (g)"]
[Site "masterchessopen.com – Kiev (Ukraine)"]
[Date "2005.02.09"]
[Round "8"]
[White "Korniyuk Mariya (UKR)"]
[Black "Goroshkova Liudmila (UKR)"]
[Result "1-0"]
[WhiteElo "2124"]
[BlackElo "1975"]

1.e4 e5 2.Nf3 Nc6 3.Bb5 a6 4.Ba4 Nf6 5.O-O Be7 6.Re1 b5 7.Bb3 d6 8.c3 O-O 9.h3
Nb8 10.d3 Bb7 11.Nbd2 c5 12.Nf1 Qc7 13.Bc2 Re8 14.Ng3 g6 15.d4 Nbd7 16.d5 c4
17.Nh2 Kh8 18.Be3 Nc5 19.Ng4 Nxg4 20.hxg4 Qd8 21.a4 Bg5 22.Bxc5 dxc5 23.Qf3
Kg8 24.Ne2 Qf6 25.Qxf6 Bxf6 26.g3 Be7 27.f4 exf4 28.gxf4 f5 29.gxf5 gxf5 30.e5
Bxd5 31.Bxf5 Rf8 32.Bg4 Kf7 33.Kh2 Rg8 34.Bh5+ Ke6 35.Ng3 Bh4 36.Re3 Bxg3+
37.Rxg3 Rxg3 38.Kxg3 Rg8+ 39.Bg4+ Ke7 40.Kh4 b4 41.f5 Bc6 42.Be2 Rf8 43.f6+
Ke6 44.Bxc4+ Kxe5 45.f7 a5 46.cxb4 cxb4 47.b3 Kf6 48.Rf1+ Kg7 49.Rg1+ Kf6
50.Re1 Bd7 51.Rf1+ Kg7 52.Rg1+ Kf6 53.Kh5 Bc6 54.Kh6 Bd7 55.Rf1+ Ke7 56.Kg7
{#r} 1-0

[Event "It \"]
[Site "masterchessopen.com – Frydek-Mistek (Czech Republic)"]
[Date "2005.03.24"]
[Round "1"]
[White "Vybiral Zdenek (CZE)"]
[Black "Ginzburg Mikhail (BLR)"]
[Result "0-1"]
[WhiteElo "2206"]
[BlackElo "2310"]

1.e4 e5 2.Nf3 Nc6 3.Bb5 a6 4.Ba4 Nf6 5.O-O Be7 6.Re1 b5 7.Bb3 d6 8.c3 O-O 9.h3
Nb8 10.d3 c5 11.Nbd2 Nc6 12.Nf1 h6 13.a4 b4 14.Ne3 bxc3 15.bxc3 Rb8 16.Ba3 Bd7
17.Nd2 Na5 18.Bc2 Qc7 19.Qe2 Rfe8 20.Rec1 Nc6 21.Qf3 Be6 22.Nd5 Qd7 23.Nc4 Bd8
24.Rcb1 Rxb1+ 25.Rxb1 Bxd5 26.exd5 Ne7 27.a5 Nexd5 28.d4 e4 29.Qg3 Bc7 30.Bc1
Kh8 31.Bd2 cxd4 32.cxd4 Qc6 33.Bb3 Ne7 34.Rc1 Nf5 35.Qc3 d5 36.Ne3 Qxc3
37.Rxc3 Nxd4 38.Bd1 Bxa5 {#R} 0-1

[Event "It (open)"]
[Site "masterchessopen.com – Deizisau (Germany)"]
[Date "2005.03.25"]
[Round "3"]
[White "Navara David (CZE)"]
[Black "Ragger Markus (AUT)"]
[Result "1-0"]
[WhiteElo "2646"]
[BlackElo "2433"]

1.e4 e5 2.Nf3 Nc6 3.Bb5 a6 4.Ba4 Nf6 5.O-O Be7 6.Re1 b5 7.Bb3 O-O 8.h3 d6 9.c3
Nb8 10.d3 Nbd7 11.Nbd2 Bb7 12.Nf1 Re8 13.Ne3 h6 14.Nf5 Bf8 15.Nh2 Nc5 16.Bc2
d5 17.Qf3 Kh7 18.Ng4 Nxg4 19.hxg4 dxe4 20.dxe4 Ne6 21.Ng3 Kg8 22.Rd1 Ng5
23.Qf5 Bd6 24.Bb3 Qe7 25.Bxg5 hxg5 26.Qg6 Qf6 27.Qxf6 gxf6 28.Bd5 Bxd5 29.Rxd5
Red8 30.Nf5 Rab8 31.Rad1 Rb6 32.Kf1 Rc6 33.Ke2 b4 34.Rxd6 Rcxd6 35.Nxd6 cxd6
36.cxb4 Rb8 37.a3 Rb6 38.Rc1 Kf8 39.Kd3 {#r} 1-0

[Event "Ch Croatia (team) (2nd league)"]
[Site "masterchessopen.com – Croatia"]
[Date "2005.04.23"]
[Round "5"]
[White "Toth Andras (HUN)"]
[Black "Saulic Vjekoslav (CRO)"]
[Result "1-0"]
[WhiteElo "2437"]
[BlackElo "2197"]

1.e4 e5 2.Nf3 Nc6 3.Bb5 a6 4.Ba4 Nf6 5.O-O Be7 6.Re1 b5 7.Bb3 d6 8.c3 O-O 9.h3
Nb8 10.d3 Nbd7 11.Nbd2 Bb7 12.Nf1 Re8 13.Ng3 g6 14.Bg5 c5 15.Qd2 Qc7 16.d4 c4
17.Bc2 Nf8 18.Rad1 Rad8 19.Be3 Ne6 20.Qc1 Ng7 21.Nh2 Nfh5 22.Nxh5 Nxh5 23.Ng4
Nf6 24.Nxf6+ Bxf6 25.f4 exd4 26.Bxd4 Bxd4+ 27.Rxd4 Re7 28.f5 Rde8 29.f6 Re6
30.Rf1 Kh8 31.Qh6 Rg8 32.Rf4 g5 33.e5 {#r} 1-0

[Event "It (open) (b)"]
[Site "masterchessopen.com – Koszalin (Poland)"]
[Round "9"]
[White "Kanarek Marcel (POL)"]
[Black "Franckowski Janusz (POL)"]
[Result "1-0"]
[WhiteElo "2016"]
[BlackElo "2043"]

1.e4 e5 2.Nf3 Nc6 3.Bb5 a6 4.Ba4 Nf6 5.O-O Be7 6.Re1 b5 7.Bb3 d6 8.c3 O-O 9.h3
Nb8 10.d3 Nbd7 11.Nbd2 Bb7 12.Nf1 Re8 13.Ng3 Nc5 14.Nf5 Nxb3 15.axb3 Bf8 16.c4
h6 17.Bd2 Kh7 18.Qc1 Ng8 19.cxb5 axb5 20.Rxa8 Bxa8 21.Ba5 g6 22.Ne3 Re7 23.Qc3
Qd7 24.b4 Bg7 25.Rc1 c6 26.Ra1 d5 27.Qc5 Re8 28.Ng4 f5 29.Ne3 Nf6 30.exf5 gxf5
31.Nh4 f4 32.Nef5 Bf8 33.Qc2 d4 34.Bb6 Bxb4 35.Ra7 Bb7 36.Bc5 Bxc5 37.Qxc5 Qc7
38.Qd6 Qf7 39.Rxb7 Qxb7 40.Qxf6 Qd7 41.Qg6+ Kh8 42.Qxh6+ Kg8 43.Qg6+ Kf8
44.Qf6+ Qf7 45.Ng6+ {#r} 1-0

[Event "Olympiad (w)"]
[Site "masterchessopen.com – Turin (Italy)"]
[Date "2006.06.03"]
[Round "12"]
[White "Siti Zulaikha (MAS)"]
[Black "Sammalvuo Niina (FIN)"]
[Result "0-1"]
[WhiteElo "2210"]
[BlackElo "2259"]

1.e4 e5 2.Nf3 Nc6 3.Bb5 a6 4.Ba4 Nf6 5.O-O Be7 6.Re1 b5 7.Bb3 d6 8.c3 O-O 9.h3
Nb8 10.d3 Nbd7 11.Nbd2 c5 12.Nf1 Qc7 13.d4 cxd4 14.cxd4 exd4 15.Nxd4 Nc5
16.Bc2 Re8 17.b4 Ncd7 18.Bb2 Ne5 19.Ne3 Bb7 20.Rc1 Qb6 21.Nef5 Bf8 22.Nb3 Qd8
23.Na5 Bc8 24.Ne3 Bd7 25.Bb1 Rc8 26.Rxc8 Bxc8 27.a3 Bd7 28.Bd4 Nc6 29.Nxc6
Bxc6 30.Bxf6 Qxf6 31.Nd5 Bxd5 32.exd5 Rxe1+ 33.Qxe1 Qb2 34.Qe4 g6 35.Qd3 Bg7
36.Bc2 Bc3 37.a4 Qxb4 38.axb5 axb5 39.Qe2 Qa5 40.g3 b4 41.Bb3 Kg7 42.Kg2 Qb6
43.Qc2 h5 44.Qe2 Qd4 45.Qc4 Qd2 46.Qe4 Qb2 47.Qc2 Qa1 48.Qe2 Qb1 49.Qc2 Qe1
50.Qd1 Qe5 51.Qc2 h4 52.gxh4 Qf4 53.Qe2 Qxh4 54.Qg4 Qe7 55.Qf3 Qe1 56.Qd1 Qe5
57.Qf3 f5 58.Qg3 Qe4+ 59.Qf3 Kf6 60.Qxe4 fxe4 61.Kf1 Ke5 62.Ke2 Bd4 63.f3 e3
64.h4 Kf4 65.Bc2 Bf6 66.Bxg6 Bxh4 67.Bc2 Bg5 68.Bb3 Bh6 69.Ba2 Ke5 70.Kd3 e2
71.Kxe2 Kd4 72.Kd1 Kc3 73.Bb1 b3 74.Bf5 Kb2 75.Ke2 Kc1 {#R} 0-1

[Event "It (open)"]
[Site "masterchessopen.com – Pardubice (Czech Republic)"]
[Date "2006.07.27"]
[Round "7"]
[White "Kavcic Zan (SLO)"]
[Black "Tjurin Alexander P (RUS)"]
[Result "0-1"]
[WhiteElo "2249"]
[BlackElo "2353"]

1.e4 e5 2.Nf3 Nc6 3.Bb5 a6 4.Ba4 Nf6 5.O-O Be7 6.Re1 b5 7.Bb3 d6 8.c3 O-O 9.h3
Nb8 10.d3 c5 11.Nbd2 Nc6 12.Nf1 Be6 13.Ng3 h6 14.d4 Bxb3 15.axb3 Re8 16.d5 Na5
17.b4 Nb7 18.Qe2 Bf8 19.Nf5 Qd7 20.g4 Nh7 21.Bd2 a5 22.Kh2 axb4 23.cxb4 cxb4
24.Bxb4 g6 25.Ne3 Nc5 26.Nd2 Nf6 27.Nc2 h5 28.f3 Bh6 29.Rxa8 Rxa8 30.Ra1 Rc8
31.Bxc5 dxc5 32.Ra6 Kg7 33.Na3 c4 34.Ndb1 hxg4 35.hxg4 Bf4+ 36.Kg1 Qb7 37.Rc6
Qa7+ {#R} 0-1

[Event "It (open)"]
[Site "masterchessopen.com – Singapore"]
[Date "2006.12.28"]
[Round "5"]
[White "Ji Dan (CHN)"]
[Black "Vijayalakshmi Subbaraman (IND)"]
[Result "0-1"]
[WhiteElo "2250"]
[BlackElo "2424"]

1.e4 e5 2.Nf3 Nc6 3.Bb5 a6 4.Ba4 Nf6 5.O-O Be7 6.Re1 b5 7.Bb3 d6 8.c3 O-O 9.h3
Nb8 10.d3 Nbd7 11.Nbd2 Bb7 12.Nf1 Re8 13.Ng5 d5 14.exd5 Bxd5 15.Bxd5 Nxd5
16.Qh5 Bxg5 17.Bxg5 f6 18.Be3 Nf8 19.d4 Qd6 20.dxe5 Rxe5 21.Qf3 Rae8 22.Red1
Qe6 23.Rd4 Ng6 24.Rad1 c6 25.c4 bxc4 26.Rxc4 f5 27.Rdc1 f4 28.Rxc6 Nh4 29.Qd1
Qf7 30.Bd4 Rg5 31.Rc8 h6 32.Qd3 Rxg2+ 33.Kh1 Rg6 34.Qe4 Rxc8 35.Rxc8+ Kh7
36.Rc6 Ne7 37.Rxg6 Nexg6 38.Nd2 Qxa2 39.Nf3 Qb3 40.Bc3 Qd1+ 41.Ne1 Qd7 42.Kh2
Qc7 43.Nf3 Nxf3+ 44.Qxf3 Qc5 45.Kg1 Qg5+ 46.Kf1 Qf5 47.Ke1 Nh4 48.Qb7 Qe6+
49.Kd2 Nf5 50.Kd3 Qd6+ 51.Ke4 Ne7 52.Kf3 Qd3+ 53.Kg2 Nf5 54.Kh2 f3 55.Qf7 Qd6+
56.Kh1 Ng3+ 57.Kg1 Ne2+ 58.Kf1 Nxc3 59.Qf5+ Qg6 60.Qxf3 Ne4 61.Qe3 Qf5 {#R}
0-1

[Event "It (open)"]
[Site "masterchessopen.com – Moscow (Russia)"]
[Date "2007.02.03"]
[Round "8"]
[White "Gorbatov Alexej (RUS)"]
[Black "Musakaev Emil (RUS)"]
[Result "1-0"]
[WhiteElo "2391"]
[BlackElo "2335"]

1.e4 e5 2.Nf3 Nc6 3.Bb5 a6 4.Ba4 Nf6 5.O-O b5 6.Bb3 Be7 7.Re1 d6 8.c3 O-O 9.h3
Nb8 10.d3 Nbd7 11.Nbd2 Bb7 12.Nf1 c5 13.Ng3 Qc7 14.Nf5 Nb6 15.Nxe7+ Qxe7
16.Bg5 h6 17.Bh4 c4 18.dxc4 Nxc4 19.Bxc4 bxc4 20.Nd2 Rac8 21.Qf3 g5 22.Bg3 Kg7
23.Qe2 Qe6 24.Rac1 Rfe8 25.Red1 Rc5 26.Bh2 Rg8 27.Qe3 g4 28.h4 Kh7 29.b3 Rgc8
30.bxc4 Nh5 31.Rb1 Bc6 32.Rb6 a5 33.Qd3 a4 34.Rb4 Qf6 35.Bg3 Kh8 36.Rdb1 Nf4
37.Qe3 Kg7 38.Rb8 Rc7 39.Kh2 Ne6 40.f3 gxf3 41.Rf1 Rb7 42.Rxb7 Bxb7 43.Rxf3
Qg6 44.Qd3 Nf8 45.Bxe5+ Rxe5 46.Rg3 Re6 47.h5 Qxg3+ 48.Qxg3+ Kh7 49.c5 Nd7
50.cxd6 Nf6 51.Qf4 Kg7 52.e5 Nd7 53.Qxa4 Nxe5 54.Qd4 {#r} 1-0

[Event "It (open) \"]
[Site "masterchessopen.com – Moscow (Russia)"]
[Date "2007.02.17"]
[Round "4"]
[White "Berg Emanuel (SWE)"]
[Black "Shen Yang (CHN)"]
[Result "0-1"]
[WhiteElo "2593"]
[BlackElo "2450"]

{ } 1.e4 e5 2.Nf3 Nc6 3.Bb5 a6 4.Ba4 Nf6 5.O-O Be7 6.Re1 b5 7.Bb3 d6 8.c3 O-O
9.h3 Nb8 10.d3 Nbd7 11.Nbd2 Bb7 12.Nf1 { ?/= } 12...Re8 ( 12...Nc5 13.Bc2 Re8
14.Ng3 Bf8 15.Nf5 d5 16.exd5 Qxd5 17.Bg5 e4 18.dxe4 Qxd1 19.Raxd1 Bxe4 20.Bxe4
Ncxe4 21.Bxf6 Nxf6 22.Rxe8 Rxe8 23.Re1 { 1/2-1/2, Movsesian Sergei 2637 -
Smirin Ilia 2659 , Sibenik 24. 9.2006 Ch Croatia (team) } ) 13.Ng5 ( 13.Ng3
Nc5 14.Bc2 Bf8 15.Bd2 d5 16.exd5 Qxd5 17.Bg5 Qc6 18.Ne4 Nfd7 19.Rc1 h6 20.Bd2
Rad8 21.Qe2 Nb6 22.b3 Qxe4 23.dxe4 Ne6 24.Rcd1 Rd7 25.Nh4 g6 26.Nf3 Red8
27.Nh2 c5 28.Ng4 h5 29.Ne3 c4 30.Bc1 cxb3 31.Rxd7 Rxd7 32.c4 Bb4 { ...1-0,
Grischuk Alexander 2704 - Smirnov Pavel 2626 , Izmir 6.10.2004 Cup European
Club } ) ( 13.Ne3 h6 14.Nf5 Bf8 15.Nh2 Nc5 16.Bc2 d5 17.Qf3 Kh7 18.Ng4 Nxg4
19.hxg4 dxe4 20.dxe4 Ne6 21.Ng3 Kg8 22.Rd1 Ng5 23.Qf5 Bd6 24.Bb3 Qe7 25.Bxg5
hxg5 26.Qg6 Qf6 27.Qxf6 gxf6 28.Bd5 Bxd5 29.Rxd5 Red8 30.Nf5 Rab8 31.Rad1 Rb6
32.Kf1 Rc6 { ...1-0, Navara David 2646 - Ragger Markus 2433 , Deizisau 25.
3.2005 It (open) } ) 13...Rf8 { N } ( 13...d5 14.exd5 Bxd5 15.Bxd5 Nxd5 16.Qh5
Bxg5 17.Bxg5 f6 18.Be3 Nf8 19.d4 Qd6 20.dxe5 Rxe5 21.Qf3 Rae8 22.Red1 Qe6
23.Rd4 Ng6 24.Rad1 c6 25.c4 bxc4 26.Rxc4 f5 27.Rdc1 f4 28.Rxc6 Nh4 29.Qd1 Qf7
30.Bd4 Rg5 31.Rc8 h6 32.Qd3 Rxg2+ 33.Kh1 { ...0-1, Ji Dan 2250 - Vijayalakshmi
Subbaraman 2424 , Singapore 28.12.2006 It (open) } ) 14.Ng3 h6 15.Nf3 Re8
16.Nf5 ( 16.d4 Bf8 17.Bc2 g6 18.Bd2 c5 19.d5 c4 20.b4 cxb3 21.axb3 Qc7 22.Bd3
Nc5 23.Bf1 Reb8 24.c4 bxc4 25.Ba5 Qe7 26.Bxc4 Bc8 27.Ra3 Bd7 28.Qe2 Bb5 29.Rc1
Bxc4 30.Qxc4 Rc8 31.Qe2 Qb7 32.Rc3 Qb5 33.Qc2 Rcb8 34.Nd2 Nb7 35.Nc4 Nd7 {
...1/2-1/2, Adams Michael 2731 - Bacrot Etienne 2653 , France 2001 Ch France
(team) 2001 } ) ( 16.Nh2 Nc5 17.Bc2 d5 18.Qf3 Bf8 19.Ng4 Nxg4 20.Qxg4 Re6
21.Nf5 Rg6 22.Qh5 dxe4 23.dxe4 Qe8 24.b4 Nd7 25.Bb3 Rf6 26.Qg4 Kh7 27.Be3 c5
28.Rad1 Rg6 29.Qf3 c4 30.Bc2 Re6 31.Rd2 a5 32.Red1 Nf6 33.bxa5 b4 34.Bb6 Qb5
35.Nd6 Bxd6 { ...1-0, Jansa Vlastimil 2521 - Elseth Roar 2355 , Gausdal 1988
It (open) } ) 16...Bf8 17.Nh2 ( 17.g4 Nc5 18.g5 hxg5 19.Bxg5 Nxb3 20.axb3 g6
21.Ng3 Be7 22.Qd2 Nh7 23.Bxe7 Qxe7 24.Qh6 Qf6 25.Kg2 d5 26.h4 Rad8 27.Ng5 Qg7
28.Qxg7+ Kxg7 29.Nxh7 Kxh7 30.f3 dxe4 31.dxe4 Rd2+ 32.Re2 Rxe2+ 33.Nxe2 Rd8
34.Kf2 Rd3 35.Re1 Rd2 36.Rb1 f5 { ...1/2-1/2, Jansa Vlastimil 2479 - Schmidt
Wlodzimierz 2435 , Krakow 27. 7.1964 Ch World (team) (under 26) (final A) } )
( 17.a4 Nc5 { +0.48 CAP } ) 17...Nc5 18.Bc2 d5 19.Qf3 Kh8 { +0.41 CAP } (
19...a5 20.Ng4 Nxg4 21.hxg4 a4 22.Be3 Ne6 23.Qg3 dxe4 24.dxe4 Qf6 25.Rad1 Rad8
26.Qf3 Ng5 27.Qe2 Bc6 28.Bd3 Rb8 29.f3 g6 30.Ng3 Ne6 31.Qf2 Red8 32.a3 Rd6
33.Rd2 Rbd8 34.Red1 Be8 35.Bf1 { 1/2-1/2, Vasiukov Evgeni 2570 - Karpov
Anatoly 2540 , Leningrad 1971 } ) ( 19...Kh7 20.Ng4 { +0.11 CAP } 20...Nxg4
21.hxg4 dxe4 22.dxe4 Ne6 23.Ng3 Kg8 24.Rd1 Ng5 25.Qf5 Bd6 26.Bb3 Qe7 27.Bxg5
hxg5 28.Qg6 Qf6 29.Qxf6 gxf6 30.Bd5 Bxd5 31.Rxd5 Red8 32.Nf5 Rab8 33.Rad1 Rb6
34.Kf1 Rc6 35.Ke2 b4 36.Rxd6 Rcxd6 37.Nxd6 cxd6 38.cxb4 Rb8 39.a3 { ...1-0,
Navara David 2646 - Ragger Markus 2433 , Deizisau 25. 3.2005 It (open) } )
20.h4 { N } 20...dxe4 21.dxe4 Nfxe4 22.Rxe4 g6 23.Bxh6 { ? } ( 23.Nxh6 Bxh6
24.Bxh6 f5 25.h5 Bxe4 26.Bxe4 Nxe4 27.hxg6 Qh4 28.Qxf5 Qxh6 29.Qxe4 Rg8
30.Qxe5+ { } ) 23...Bxe4 24.Bxe4 Nxe4 25.Bxf8 gxf5 26.Qxf5 Qxh4 27.Ba3 Qh7
28.Qf3 Rad8 29.Re1 f5 30.Rf1 Re6 31.g3 Ng5 32.Qe3 f4 { } {#R} 0-1

[Event "It (open) \"]
[Site "masterchessopen.com – Sukhumi (Georgia)"]
[Date "2007.08.05"]
[Round "3"]
[White "Alavkin Arseny (RUS)"]
[Black "Karabakhsjan Adroniks (RUS)"]
[Result "1-0"]
[WhiteElo "2442"]
[BlackElo "2280"]

1.e4 e5 2.Nf3 Nc6 3.Bb5 a6 4.Ba4 Nf6 5.O-O Be7 6.Re1 b5 7.Bb3 O-O 8.h3 d6 9.c3
Nb8 10.d3 Bb7 11.Nbd2 Nbd7 12.Nf1 Re8 13.Ng3 Bf8 14.Ng5 d5 15.exd5 h6 16.Ne6
fxe6 17.dxe6 Kh8 18.exd7 Qxd7 19.Ne4 Rad8 20.Bc2 Qc6 21.Qe2 b4 22.Bd2 Bc5
23.Rad1 Bb6 24.Bb1 Rf8 25.Rf1 a5 26.Be3 Nxe4 27.dxe4 Rxd1 28.Rxd1 bxc3 29.Rc1
Qg6 30.Bxb6 cxb2 31.Rxc7 Qxb6 32.Rc2 Ba6 33.Rxb2 Qc6 34.Qe3 Qc4 35.Kh2 Rf6
36.Bc2 Qf1 37.Bb3 Rg6 38.f3 Rc6 39.Bd5 Rc1 40.Rb8+ {#r} 1-0

[Event "It (open) (b)"]
[Site "masterchessopen.com – Koszalin (Poland)"]
[Date "2007.08.10"]
[Round "6"]
[White "Weichhold Pawel (POL)"]
[Black "Adamowicz Katarzyna (POL)"]
[Result "0-1"]
[WhiteElo "1990"]
[BlackElo "2034"]

1.e4 e5 2.Nf3 Nc6 3.Bb5 a6 4.Ba4 Nf6 5.O-O Be7 6.Re1 b5 7.Bb3 d6 8.c3 O-O 9.h3
Nb8 10.d3 Nbd7 11.Nbd2 Nc5 12.Bc2 Re8 13.d4 Ncd7 14.Nf1 Bf8 15.Ng3 g6 16.Bg5
h6 17.Bd2 Bb7 18.h4 h5 19.Bg5 Bg7 20.Qd2 c5 21.d5 c4 22.Nh2 Qb6 23.Ngf1 a5
24.Ne3 Ba6 25.g4 b4 26.gxh5 Nxh5 27.Ba4 Ra7 28.Ng2 Rb8 29.Bd1 Nhf6 30.Ng4 bxc3
31.bxc3 Qb2 32.Nxf6+ Nxf6 33.Bc2 Qa3 34.Ne3 Rab7 35.Nd1 Qc5 36.Ne3 Qc8 37.Kh2
Nh5 38.Reb1 Rxb1 39.Rxb1 Rxb1 40.Bxb1 f6 41.Ng2 fxg5 42.Qxg5 Qe8 43.f4 Nxf4
44.Nxf4 exf4 45.e5 Qxe5 46.Bxg6 Qxg5 47.hxg5 Bxc3 48.Kg2 Be5 49.a4 c3 50.Kf3
Bc4 51.Bc2 Bxd5+ 52.Kf2 f3 53.g6 Bd4+ {#R} 0-1

[Event "Ch Vietnam (team)"]
[Site "masterchessopen.com – Dalat City (Vietnam)"]
[Date "2007.08.22"]
[Round "1"]
[White "Ngo Ngoc Quang (VIE)"]
[Black "Pham Xuan Dat (VIE)"]
[Result "1-0"]
[WhiteElo "2275"]
[BlackElo "2242"]

1.e4 e5 2.Nf3 Nc6 3.Bb5 a6 4.Ba4 Nf6 5.O-O Be7 6.Re1 b5 7.Bb3 O-O 8.c3 d6 9.h3
Nb8 10.d3 Nbd7 11.Nbd2 Bb7 12.Nf1 Nc5 13.Bc2 Re8 14.Ng3 Bf8 15.b4 Ncd7 16.Bb3
g6 17.Bg5 c5 18.Qd2 Qe7 19.h4 h5 20.Nf1 cxb4 21.cxb4 d5 22.a3 dxe4 23.dxe4 Nb6
24.Qa2 Bg7 25.N1d2 Rac8 26.Rac1 Rxc1 27.Rxc1 Qd7 28.Be3 Na4 29.Ng5 Re7
30.Bxf7+ Rxf7 31.Qxf7+ Qxf7 32.Nxf7 Ne8 33.Nd8 Nd6 34.Rc7 Bxe4 35.Rd7 Bf8
36.Rxd6 Bxd6 37.Nxe4 Be7 38.Nc6 Bxh4 39.g3 {#r} 1-0

[Event "It (open) (active)"]
[Site "masterchessopen.com – El Sauzal (Spain)"]
[Date "2007.11.03"]
[Round "2"]
[White "Rodriguez Amador (ESP)"]
[Black "Cancio Lasso Rayco (ESP)"]
[Result "1-0"]
[WhiteElo "2481"]
[BlackElo "2014"]

1.e4 e5 2.Nf3 Nc6 3.Bb5 a6 4.Ba4 Nf6 5.O-O Be7 6.Re1 b5 7.Bb3 d6 8.c3 O-O 9.h3
Nb8 10.d3 Nbd7 11.Nbd2 Bb7 12.Nf1 Nc5 13.Bc2 Re8 14.Ng3 g6 15.b4 Ne6 16.d4 Nd7
17.Bb3 Nf4 18.Be3 Bf6 19.Qd2 Ne6 20.Rad1 Qe7 21.a4 Nb6 22.a5 Nc4 23.Bxc4 bxc4
24.dxe5 dxe5 25.Qa2 c5 26.Qxc4 cxb4 27.cxb4 Rac8 28.Qb3 h5 29.Nd2 h4 30.Ne2
Nd4 31.Bxd4 exd4 32.Rc1 Rxc1 33.Nxc1 Rc8 34.Nd3 Rc3 35.Qb1 Qc7 36.Nf3 Qc4
37.Nc5 Bc8 38.e5 Be7 39.Nd2 Qd5 40.Qe4 Qxe4 41.Ndxe4 Rc4 42.Nd6 Bxd6 43.exd6
{#r} 1-0

[Event "Extra League 2007/08"]
[Site "masterchessopen.com – Czech Republic"]
[Date "2008.02.02"]
[Round "6"]
[White "Pinter Erik (SVK)"]
[Black "Bernasek Jan (CZE)"]
[Result "1-0"]
[WhiteElo "2415"]
[BlackElo "2444"]

1.e4 e5 2.Nf3 Nc6 3.Bb5 a6 4.Ba4 Nf6 5.O-O Be7 6.Re1 b5 7.Bb3 d6 8.c3 O-O 9.h3
Nb8 10.d3 Bb7 11.Nbd2 c5 12.Nf1 Qc7 13.Ng3 Rc8 14.Qe2 Nbd7 15.Bc2 Bf8 16.Bd2
Re8 17.c4 Nb8 18.a3 Nc6 19.b4 Nd4 20.Nxd4 exd4 21.Bf4 Qc6 22.Qf1 bxc4 23.dxc4
g6 24.Rab1 Nd7 25.Bd2 Bg7 26.f4 Nb6 27.e5 Nxc4 28.Be4 Nxd2 29.Bxc6 Nxf1
30.Bxb7 Nxg3 31.Bxa8 Rxa8 32.exd6 c4 33.b5 axb5 34.d7 Kf8 35.Rxb5 Bf6 36.Rc5
Kg7 37.Rxc4 Rxa3 38.Rc6 Bh4 39.Rd6 d3 40.d8=Q Bxd8 41.Rxd8 Ne2+ 42.Kh2 Nxf4
43.Rf1 g5 44.Rf2 f6 45.Rd2 Ra7 46.g3 Ng6 47.R8xd3 Ne5 48.Rc3 h5 49.Kg2 Ra4
50.Rb3 Ra6 51.Rdb2 Nc4 52.Rc2 Ne5 53.Rb8 Ra3 54.Rcb2 Rc3 55.R8b3 Rc4 56.Rb7+
Kg6 57.R7b6 Nd3 58.Re2 {#r} 1-0

[Event "It \"]
[Site "masterchessopen.com – Alushta (Ukraine)"]
[Round "9"]
[White "Amanov Zhanibek (KAZ)"]
[Black "Kozlov Roman (KAZ)"]
[Result "1-0"]
[WhiteElo "2421"]
[BlackElo "2333"]

1.e4 e5 2.Nf3 Nc6 3.Bb5 a6 4.Ba4 Nf6 5.O-O Be7 6.Re1 b5 7.Bb3 d6 8.c3 O-O 9.h3
Nb8 10.d3 Nbd7 11.Nbd2 Bb7 12.Nf1 Nc5 13.Bc2 Re8 14.Ng3 Bf8 15.b4 Ncd7 16.Nf5
c5 17.bxc5 Nxc5 18.Bg5 Ne6 19.Bd2 Nf4 20.d4 Ng6 21.Ng3 Qc7 22.a4 d5 23.Nxe5
Nxe5 24.dxe5 Qxe5 25.f4 Qc7 26.e5 Nd7 27.Kh2 g6 28.axb5 axb5 29.Bd3 Bc6 30.Qe2
Rxa1 31.Rxa1 Rb8 32.Rb1 Nb6 33.Be3 Nc4 34.Bd4 Ra8 35.Re1 Qe7 36.Qg4 Bg7 37.e6
Bxd4 38.Nf5 Qf6 39.Nxd4 Be8 40.exf7+ Qxf7 41.Bf5 Qc7 42.Be6+ Bf7 43.Nxb5 Qe7
44.f5 Qf6 45.fxg6 hxg6 46.Bxf7+ Qxf7 47.Re6 Kg7 48.Qd4+ Kg8 49.Rf6 Qe8 50.Nc7
{#r} 1-0

[Event "It (open) \"]
[Site "masterchessopen.com – Szklarska Poreba (Poland)"]
[Date "2008.06.22"]
[Round "1"]
[White "Dragun Kamil (POL)"]
[Black "Kulaszynski Michal (POL)"]
[Result "1-0"]
[WhiteElo "2174"]
[BlackElo "1842"]

1.e4 e5 2.Nf3 Nc6 3.Bb5 a6 4.Ba4 Nf6 5.O-O b5 6.Bb3 Be7 7.Re1 d6 8.c3 O-O 9.h3
Nb8 10.d3 Nbd7 11.Nbd2 c5 12.Nf1 Qc7 13.Qe2 a5 14.a4 bxa4 15.Ba2 Ba6 16.Ne3
Nb6 17.Nf5 a3 18.bxa3 d5 19.Bxd5 Nbxd5 20.exd5 e4 21.c4 Nxd5 22.Nxe7+ Nxe7
23.Qxe4 Ng6 24.Bb2 Bb7 25.Qe3 Qc6 26.d4 Rfe8 27.Qd2 Qa4 28.Qc3 Nf4 29.d5 f6
30.Kh2 Ba6 31.Nd2 Reb8 32.Re7 Rb6 33.d6 Ng6 34.Rxg7+ Kxg7 35.Qxf6+ Kh6 36.Qg7+
Kh5 37.g4+ Kg5 38.Nf3+ Kf4 39.Qf6+ Ke4 40.Qf5# 1-0

[Event "It (cat.5)"]
[Site "masterchessopen.com – Paracin (Serbia)"]
[Round "6"]
[White "Brankovic Dejan (SRB)"]
[Black "Pancevski Filip (MKD)"]
[Result "0-1"]
[WhiteElo "2368"]
[BlackElo "2423"]

1.e4 e5 2.Nf3 Nc6 3.Bb5 a6 4.Ba4 Nf6 5.O-O b5 6.Bb3 Be7 7.Re1 d6 8.c3 O-O 9.h3
Nb8 10.d3 Re8 11.Nbd2 Bf8 12.Nf1 g6 13.Ng5 Re7 14.d4 Nbd7 15.f4 Bb7 16.f5 exd4
17.fxg6 hxg6 18.cxd4 Nxe4 19.Qg4 d5 20.Nxe4 Rxe4 21.Rxe4 Nf6 22.Bg5 dxe4
23.Qf4 Nd5 24.Qh4 Be7 25.Bxe7 Qxe7 26.Qg3 Qf6 27.Ne3 Nxe3 28.Qxe3 Qd6 29.Qg5
Kg7 30.Rf1 Rf8 31.h4 Qxd4+ 32.Kh1 f6 33.Qc1 Qe5 34.Rd1 Bc8 35.Rd5 Qg3 36.Rc5
e3 37.Rxc7+ Kh6 38.Re7 Qxh4+ 39.Kg1 Qf2+ 40.Kh1 Rh8 41.Qxe3+ {#R} 0-1

[Event "It (open) \"]
[Site "masterchessopen.com – Nyiregyhaza (Hungary)"]
[Date "2008.07.23"]
[Round "1"]
[White "Simko Lorant Dr (HUN)"]
[Black "Antal Laszlo (HUN)"]
[Result "0-1"]
[WhiteElo "1718"]
[BlackElo "2202"]

1.e4 e5 2.Nf3 Nc6 3.Bb5 a6 4.Ba4 Nf6 5.O-O Be7 6.Re1 b5 7.Bb3 d6 8.c3 O-O 9.h3
Nb8 10.d3 Bb7 11.Nbd2 Nbd7 12.Nf1 Re8 13.Ng3 Bf8 14.Bg5 h6 15.Bc1 c5 16.a3 Qc7
17.c4 Bc6 18.Bd2 Rab8 19.Qc1 Qb7 20.Nf5 bxc4 21.Bxh6 gxh6 22.Bxc4 d5 23.N3h4
Kh7 24.Nf3 Ng8 25.Ng5+ hxg5 26.Qxg5 Bh6 27.Nxh6 Nxh6 28.Ba2 Re6 29.d4 cxd4
30.Rac1 Rg8 31.Qh5 Reg6 32.g4 Rg5 33.Qh4 Nf6 34.exd5 Bxd5 35.Rxe5 Rxg4+
36.hxg4 Rxg4+ 37.Qxg4 Nhxg4 38.Bxd5 Nxd5 39.Rf5 Ndf6 40.f3 Qxb2 {#R} 0-1

[Event "Cup Doeberl"]
[Site "masterchessopen.com – Canberra (Australia)"]
[Date "2009.04.11"]
[Round "5"]
[White "Toth Andras (HUN)"]
[Black "Tan Justin_ (AUS)"]
[Result "1-0"]
[WhiteElo "2385"]
[BlackElo "2281"]

1.e4 e5 2.Nf3 Nc6 3.Bb5 a6 4.Ba4 Nf6 5.O-O Be7 6.Re1 b5 7.Bb3 d6 8.c3 O-O 9.h3
Nb8 10.d3 c5 11.Nbd2 Nc6 12.a4 Bd7 13.Nf1 Na5 14.Bc2 Qc7 15.Ng3 Rfe8 16.Bd2 g6
17.Bg5 Rab8 18.axb5 axb5 19.d4 Nc4 20.b3 Nb6 21.d5 c4 22.b4 Ra8 23.Qd2 Reb8
24.Nh2 Qd8 25.Be3 Ne8 26.f4 Bf6 27.Nf3 Rxa1 28.Rxa1 Ra8 29.Rxa8 Nxa8 30.Ne2
Qc8 31.Bf2 Qa6 32.Bg3 Qa7+ 33.Kh2 Qb8 34.fxe5 dxe5 35.d6 Qxd6 36.Qxd6 Nxd6
37.Nxe5 Bxe5 38.Bxe5 Ne8 39.Nf4 f6 40.Bd4 Kf7 41.Kg3 Bc6 42.Bc5 Nac7 43.h4 Ne6
44.Nxe6 Kxe6 45.Kf4 Nd6 46.Bf2 Nf7 47.Ke3 Ne5 48.Kd4 Nd7 49.Bd1 f5 50.exf5+
Kxf5 51.g4+ Kf4 52.Be3+ Kg3 53.h5 Nf6 54.hxg6 hxg6 55.g5 Nd7 56.Bc2 Nf8 57.Kc5
Bd7 58.Kd6 Bf5 59.Bd1 Kh4 60.Kc5 Bd7 61.Bf3 Nh7 62.Bc6 Be6 63.Bxb5 Nxg5
64.Bxc4 Ne4+ 65.Kd4 Bf5 66.Bd5 Nf6 67.b5 Bc8 68.c4 Kg4 69.c5 {#r} 1-0

[Event "It (open)"]
[Site "masterchessopen.com – Barranquilla (Colombia)"]
[Date "2009.04.26"]
[Round "7"]
[White "Ruiz Eric Jabib (COL)"]
[Black "Mendoza Rafael (COL)"]
[Result "0-1"]
[WhiteElo "2150"]
[BlackElo "2317"]

1.e4 e5 2.Nf3 Nc6 3.Bb5 a6 4.Ba4 Nf6 5.O-O Be7 6.Re1 b5 7.Bb3 O-O 8.c3 d6 9.h3
Nb8 10.d3 Nbd7 11.Nbd2 Nc5 12.Bc2 Bb7 13.Nf1 Re8 14.Ng3 Bf8 15.b3 g6 16.Bb2
Bg7 17.Rc1 Ne6 18.a4 c5 19.Bb1 Qb6 20.Qc2 Rac8 21.Kh2 Nf4 22.Ne2 N6h5 23.Rf1
d5 24.Ng3 d4 25.cxd4 cxd4 26.Qd2 bxa4 27.bxa4 Bf8 28.Nxh5 Nxh5 {#R} 0-1